Didáctica de las ciencias sociales: didáctica de la historia

Gespeichert in:
Bibliographische Detailangaben
1. Verfasser: Calaf Masachs, Roser (VerfasserIn)
Format: Buch
Sprache:Spanisch
Veröffentlicht: Barcelona Oikos-Tau 1994
Schriftenreihe:Colección Práctica en Educación
Schlagworte:
Tags: Tag hinzufügen
Keine Tags, Fügen Sie den ersten Tag hinzu!

MARC

LEADER 00000nam a2200000 a 4500
001 UCP4563
003 CL-VaPUC
008 990806e19940000SP |||||||||||||||||spa|d
082 0 4 |a 372.83  |b CAL  |2 21 
100 0 |a Calaf Masachs, Roser  |e author  |9 432100 
245 1 0 |a Didáctica de las ciencias sociales: didáctica de la historia 
300 |a 247 p 
942 |c BK 
945 |d 19990806 00:00:00  |a vberengu 
260 |a Barcelona  |b Oikos-Tau  |c 1994 
650 0 |a Enseñanza de las ciencias sociales  |9 337823 
650 0 |a Enseñanza de la historia   |9 307330 
650 0 |a Métodos de enseñanza  |9 270413 
583 |a last modification  |c 19990806 00:00:00  |k Rodrigo Vera 
490 0 |a Colección Práctica en Educación 
999 |c 282478  |d 282476 
952 |0 0  |1 0  |4 0  |6 372_830000000000000_CAL_1994  |7 0  |8 A  |9 324281  |a BIBHIS  |b BIBHIS  |d 2019-11-20  |i 3544508  |l 1  |o 372.83 CAL 1994  |p 3544508  |r 2025-01-20  |s 2024-08-08  |w 2019-11-20  |y BK  |k HIS